000 00922nam a2200229Ia 4500
999 _c39139
_d39139
001 5722
003 GE_BSU
005 20190423124858.0
008 181216s1983ge xx |||||||||||||| ||geo||
040 _cGE_BSU
041 _ageo
080 _a624.012.1/2 ნ-67
100 _aნინუა, ნ.
_9402
245 _aქვის კონსტრუქციები :
_bსახელმძღვ. /
_cნ. ნინუა ; რედ. ე.გიორგაძე.
264 _aთბილისი :
_bსპი,
_c1983.
300 _a102გვ;;ბიბლიოგრ.:გვ.100.
_bილ,
_c20 სმ.
500 _aბიბლიოგრ. : გვ.100.
653 _aქვის კონსტრუქციები.
653 _aსამშენებლო კონსტრუქციები
700 _aე. გიორგაძე
_eრეაქტორი
_9403
942 _cBK
_2udc